000 00551ntaaa2200205 4500
003 01
005 20251027203023.0
008 0714s1973 ag 01
040 _aAR-BaBN
_bspa
_cAR-BaBN
_eaacr
_dRIC
082 _a571.7000 G79
100 _aGraziosi, Paolo
_931307
245 _aPalaeolithic Art
250 _a1 ed.
260 _aLondon :
_bFaber and Faber,
_cc1960
300 _axi, 278 p, 305 p
500 _a305 p. lám. fuera de texto en negro y col.
650 _aarte paleolítico
_931308
650 _apaleolítico arte
_931309
942 _cBK
999 _c25620
_d25620